000 00653nam a2200265Ia 4500
005 20260121165700.0
008 008 260114s9999 xx 000 0 eng d
020 _a9781484208113
037 _aEBOOK
040 _aCRL
040 _beng
040 _cCRL
041 _2eng
041 _aeng
084 _qCRL
100 _aIuliana Cosmina
_91054749
245 0 _aPivotal Certified Professional Spring Developer Exam
260 _bSpringer
260 _bSpringer
260 _c2017
856 _uhttps://link.springer.com/openurl?genre=book&isbn=978-1-4842-0811-3
942 _cEBOOK
999 _c1620476
_d1620476